ბათუმის შოთა რუსთაველის სახელმწიფო უნივერსიტეტის ბიბლიოთეკა

ეკოლოგიური სამართალი / (ბიბ.ჩანაწერი № 51625)

000 -ლიდერი
ფიქსირებული სიგრძის საკონტროლო ველი 01354nam a2200277Ia 4500
001 - საკონტროლო ნომერი
საკონტროლო ველი 18616
003 - საკონტროლო ნომრის იდენტიფიკატორი
საკონტროლო ველი GE_BSU
005 - ბოლო ოპერაციის თარიღი და დრო
საკონტროლო ველი 20211115141927.0
008 - ფიქსირებული სიგრძის მონაცემთა ელემენტები - ზოგადი ინფორმაცია
ფიქსირებული სიგრძის საკონტროლო ველი 181216s||||||||xx |||||||||||||| ||und||
020 ## - წიგნის საერთაშორისო სტანდარტული ნომერი
International Standard Book Number 9789941131639
040 ## - კატალოგიზაციის წყარო
Transcribing agency GE_BSU
041 ## - ენის კოდი
Language code of text/sound track or separate title geo
080 ## - უნივერსალური ათობითი კლასიფიკაციის ინდექსი
Universal Decimal Classification number 349.6((075.8) უ-62
100 ## - მთავარი ჩანაწერი - პიროვნების სახელი
Personal name ურუშაძე, თენგიზ
9 (RLIN) 12921
245 ## - ცნობა სათაურის შესახებ
Title ეკოლოგიური სამართალი /
Statement of responsibility, etc თენგიზ ურუშაძე, ვალერი ლორია; რედ.: პაატა ტურავა, ლია მაჭავარიანი ; ივანე ჯავახიშვილის სახ. თბილისის სახელმწ. უნ-ტი.
250 ## - გამოცემის ცნობა
Edition statement მე-4 გამოცემა
264 ## - წარმოების, გამოცემის, დისტრიბუციის და სხვა ცნობები
გამოცემის, წარმოების, დისტრიბუციის... ადგილი თბილისი :
გამოცემის, წარმოების, დისტრიბუციის... სახელწოდება უნ-ტის გამ-ბა,
გამოცემის, წარმოების, დისტრიბუციის... თარიღი 2010.
300 ## - ფიზიკური აღწერა
Extent 309 გვ;
Other physical details 22 სმ.
504 ## - BIBLIOGRAPHY, ETC. NOTE
Bibliography, etc ბიბლიოგრ.: გვ. 310-311
653 ## - INDEX TERM--UNCONTROLLED
Uncontrolled term ეკოლოგიური სამართალი
700 ## - ADDED ENTRY--PERSONAL NAME
Personal name ლორია, ვალერი
Relator term ავტორი
9 (RLIN) 12576
700 ## - ADDED ENTRY--PERSONAL NAME
Personal name ტურავა, პაატა
Relator term რედაქტორი
9 (RLIN) 12922
700 ## - ADDED ENTRY--PERSONAL NAME
Personal name მაჭავარიანი, ლია
Relator term რედაქტორი
9 (RLIN) 6752
710 ## - ADDED ENTRY--CORPORATE NAME
Corporate name or jurisdiction name as entry element თსუ
9 (RLIN) 12923
942 ## - ADDED ENTRY ELEMENTS (KOHA)
Koha item type წიგნი
Source of classification or shelving scheme
ეგზემპლარები
ჩამოწერის სტატუსი დაკარგული ეგზემპლარის სტატუსი კლასიფიკაციის წყარო ან თაროზე გაწყობის სქემა დაზიანების სტატუსი არ გაიცემა მუდმივი მდებარეობა (დაცვის ადგილი) ამჟამინდელი ადგილსამყოფელი თაროზე განთავსების ადგილი შეძენის თარიღი ღირებულება, შესყიდვის ნორმალური ფასი სრული შენახვის შიფრი შტრიხკოდი ბოლო ოპერაციის თარიღი ეგზემპლარის მიმდევრობითი ნომერი (კეტერი?) ფასის ძალაში შესვლის თარიღი ეგზემპლარის სახეობა საჯარო შენიშვნა
          აგრარული და მემბრანული ტექნოლოგიების ინსტიტუტის ბიბლიოთეკა აგრარული და მემბრანული ტექნოლოგიების ინსტიტუტის ბიბლიოთეკა წიგნსაცავი 2021-11-15 10.00 349.6((075.8) უ-62 70910 2021-11-15 70910 2021-11-15 წიგნი 10 ლ.
          აგრარული და მემბრანული ტექნოლოგიების ინსტიტუტის ბიბლიოთეკა აგრარული და მემბრანული ტექნოლოგიების ინსტიტუტის ბიბლიოთეკა წიგნსაცავი 2025-03-24 10.00 349.6((075.8) უ-62 70911 2025-03-24 70911 2025-03-24 წიგნი 10 ლ.
          ბათუმის შოთა რუსთაველის სახელმწიფო უნივერსიტეტის მთავარი ბიბლიოთეკა ბათუმის შოთა რუსთაველის სახელმწიფო უნივერსიტეტის მთავარი ბიბლიოთეკა წიგნსაცავი 2018-12-17 14.50 349.6((075.8) უ-62 48142 2018-12-17 48142 2018-12-17 წიგნი 14 ლ. 50 თ.
          ბათუმის შოთა რუსთაველის სახელმწიფო უნივერსიტეტის მთავარი ბიბლიოთეკა ბათუმის შოთა რუსთაველის სახელმწიფო უნივერსიტეტის მთავარი ბიბლიოთეკა წიგნსაცავი 2018-12-17 14.50 349.6((075.8) უ-62 48143 2018-12-17 48143 2018-12-17 წიგნი 14 ლ. 50 თ.
          ბათუმის შოთა რუსთაველის სახელმწიფო უნივერსიტეტის მთავარი ბიბლიოთეკა ბათუმის შოთა რუსთაველის სახელმწიფო უნივერსიტეტის მთავარი ბიბლიოთეკა წიგნსაცავი 2018-12-17 14.50 349.6((075.8) უ-62 48144 2018-12-17 48144 2018-12-17 წიგნი 14 ლ. 50 თ.
          ბათუმის შოთა რუსთაველის სახელმწიფო უნივერსიტეტის მთავარი ბიბლიოთეკა ბათუმის შოთა რუსთაველის სახელმწიფო უნივერსიტეტის მთავარი ბიბლიოთეკა წიგნსაცავი 2018-12-17 14.50 349.6((075.8) უ-62 48145 2018-12-17 48145 2018-12-17 წიგნი 14 ლ. 50 თ.
          ბათუმის შოთა რუსთაველის სახელმწიფო უნივერსიტეტის მთავარი ბიბლიოთეკა ბათუმის შოთა რუსთაველის სახელმწიფო უნივერსიტეტის მთავარი ბიბლიოთეკა წიგნსაცავი 2018-12-17 14.50 349.6((075.8) უ-62 48146 2018-12-17 48146 2018-12-17 წიგნი 14 ლ. 50 თ.
          ბათუმის შოთა რუსთაველის სახელმწიფო უნივერსიტეტის მთავარი ბიბლიოთეკა ბათუმის შოთა რუსთაველის სახელმწიფო უნივერსიტეტის მთავარი ბიბლიოთეკა წიგნსაცავი 2018-12-17 14.50 349.6((075.8) უ-62 48147 2018-12-17 48147 2018-12-17 წიგნი 14 ლ. 50 თ.
          ბათუმის შოთა რუსთაველის სახელმწიფო უნივერსიტეტის მთავარი ბიბლიოთეკა ბათუმის შოთა რუსთაველის სახელმწიფო უნივერსიტეტის მთავარი ბიბლიოთეკა წიგნსაცავი 2018-12-17 14.50 349.6((075.8) უ-62 48148 2018-12-17 48148 2018-12-17 წიგნი 14 ლ. 50 თ.